Estatísticas para Letras do Alfabeto

Clique aqui para jogar o quiz

Estatísticas Gerais

  • Esse quiz foi jogado 6 245 vezes
  • A pontuação média é 22 de 26

Estatísticas das Respostas

Letra% Correto
A
98%
D
95%
E
95%
C
94%
B
93%
F
92%
G
90%
I
90%
H
89%
J
87%
O
87%
K
86%
L
85%
P
85%
Q
85%
R
84%
M
81%
T
81%
N
80%
S
80%
U
80%
W
76%
V
71%
Y
69%
X
68%
Z
63%

Distribuição das Pontuações

Percentil de Números Respondidos

Porcentagem de Pessoas com Cada Pontuação

Sua Pontuação Histórica

Você não jogou esse quiz